• 首页
  • 本馆介绍
  • 公告通知
  • 最新文献
  • 馆藏检索
  • 电子资源
  • 读者导购
  • 参考咨询
  • 我的图书馆
  • 登录
  • 详细信息显示
  • 放入我的书架
  • 预约/预借图书
  • 作者相关作品
  • 分类相关作品
  • 丛书相关作品
  • 出版社相关作品

书目信息

  • 表格格式
  • 工作单格式
  • 卡片格式
题名:
都铎王朝
    
 
作者: 莫伯利 著 ;游莹 译
分册:  
出版信息: 北京   华文出版社  2020
页数: 422页
开本: 24cm
丛书名: 华文全球史
单 册:
中图分类: K561.33
科图分类:
主题词: 都铎王朝--历史
电子资源:
ISBN: 978-7-5075-5204-1
000 01074nam2 2200253 450
001 2334126616
005 20240106084344.70
010    @a978-7-5075-5204-1@b精装@dCNY100.00,原108.00
100    @a20200408d2020 em y0chiy50 ea
101 0  @achi@ceng
102    @aCN@b110000
105    @aa z 000yy
200 1  @a都铎王朝@Adou duo wang chao@e1485-1547@f(英)查尔斯·爱德华·莫伯利著@g游莹译
210    @a北京@c华文出版社@d2020
215    @a422页@c图@d24cm
225 2  @a华文全球史@v57
330    @a《都铎王朝:1485—1547》生动地再现了君主专制黄金时期的英格兰历史。欧洲专制制度的发展为都铎王朝的建立提供了怎样的背景?亨利七世是如何化解约克家族与兰开斯特家族夙仇,终结玫瑰战争,开创都铎王朝的?层出不穷的王位觊觎者、布列塔尼战争、斯托克战役、英格兰北部叛乱,使亨利七世的统治面临怎样的挑战?亨利八世继位后,为什么与教皇产生了不可调和的矛盾?
410  0 @12001 @a华文全球史
606 0  @a都铎王朝@x历史
690    @aK561.33@v5
701  1 @c(英)@a莫伯利@Amo bo li@b查尔斯·爱德华@4著
702  0 @a游莹@Ayou ying@4译
801  0 @aCN@b91MARC@c20200408
905    @aZUCC@dK561.33@e3
    
    都铎王朝:1485-1547/(英)查尔斯·爱德华·莫伯利著/游莹译.-北京:华文出版社,2020
    422页:图;24cm.-(华文全球史;57)
    
    
    ISBN 978-7-5075-5204-1(精装):CNY100.00,原108.00
    《都铎王朝:1485—1547》生动地再现了君主专制黄金时期的英格兰历史。欧洲专制制度的发展为都铎王朝的建立提供了怎样的背景?亨利七世是如何化解约克家族与兰开斯特家族夙仇,终结玫瑰战争,开创都铎王朝的?层出不穷的王位觊觎者、布列塔尼战争、斯托克战役、英格兰北部叛乱,使亨利七世的统治面临怎样的挑战?亨利八世继位后,为什么与教皇产生了不可调和的矛盾?
●
相关链接 在五车中查询图书 在当当中查询图书 在豆瓣中查询图书


正题名:都铎王朝     索取号:K561.33/3         预约/预借

序号 登录号 条形码 馆藏地/架位号 状态 备注
1 2001264529   2001264529   辽宁北方(第一批)/辽宁北方(第一批)/266/ [索取号:K561.33/3] 在馆    
2 2001264530   2001264530   辽宁北方(第一批)/辽宁北方(第一批)/266/ [索取号:K561.33/3] 在馆    
3 2001264531   2001264531   辽宁北方(第一批)/辽宁北方(第一批)/266/ [索取号:K561.33/3] 在馆    
4 2001264532   2001264532   辽宁北方(第一批)/辽宁北方(第一批)/266/ [索取号:K561.33/3] 在馆    
5 2001264533   2001264533   辽宁北方(第一批)/辽宁北方(第一批)/266/ [索取号:K561.33/3] 在馆    
6 2001264534   2001264534   辽宁北方(第一批)/辽宁北方(第一批)/266/ [索取号:K561.33/3] 在馆    
山东省滨州职业学院图书馆 欢迎您!
大连网信软件有限公司© 版权所有